Binary To English - Statistics

General Stats
  • This quiz has been taken 14 times
    12 since last reset
  • The average score is 4 of 12
Answer Stats
Binary English % Correct
01000100 01101111 01100111 Dog
100%
01000100 01110010 01101001 01101110 01101011 Drink
50%
01000101 01100001 01110100 Eat
50%
01000111 01100001 01101101 01100101 Game
50%
01000111 01110010 01100001 01101001 01101110 Grain
33%
01001000 01100101 01100001 01100100 01110001 01110101 01100001 01110010 01110100 01100101 01110010 01110011 Headquarters
33%
01001000 01101111 01110101 01110011 01100101 House
33%
01000110 01110010 01100001 01101110 01100011 01100101 France
17%
01001010 01100101 01110100 01110000 01110101 01101110 01101011 Jetpunk
17%
01010011 01100011 01101000 01101111 01101111 01101100 School
17%
01001100 01100001 01101110 01100100 01101101 01100001 01110010 01101011 Landmark
0%
01001101 01101001 01100011 01110010 01101111 01110011 01101111 01100110 01110100 Microsoft
0%
No matching quizzes found
Score Distribution
Percent of People with Each Score
Percentile by Number Answered
Your Score History
You have not taken this quiz since the last reset